000
00198 a2200097 4500
020
_a
9788474446340
041
_a
spa
100
_a
Coli Dann
245
_a
Los animales del pequeǫ bosque
942
_c
K
999
_c
28800
_d
28800